| 000 | 00490nam a22001697a 4500 | ||
|---|---|---|---|
| 003 | DO-SdBNP | ||
| 005 | 20171201101057.0 | ||
| 008 | 171201b 2001us||||| |||| 00| 0 spa d | ||
| 040 |
_aBPMSU _bspa _cBPMSU |
||
| 245 |
_aMagical dragon Land : _ba magnetic playbook / _cilustración Sue DiCicco |
||
| 260 |
_aNew York : _bRandom House , _c1983 |
||
| 300 |
_a4p. : _bil ; _c20 cm. |
||
| 490 | 1 | _aDragon Tales | |
| 830 | _aDragon Tales | ||
| 942 |
_2ddc _cBK |
||
| 945 | _aInventariado, 2017/MFF | ||
| 999 |
_c13230 _d13230 |
||